|
|
|
|
| LEADER |
00000cam a2200000 7i4500 |
| 001 |
0000006661 |
| 005 |
20220105104025.0 |
| 008 |
070817 |
| 020 |
|
|
|a 983055578X (set)
|
| 020 |
|
|
|a 9830555887
|
| 090 |
0 |
0 |
|a JP
|b MOR MAL (6844)
|
| 100 |
0 |
|
|a Dila Zunarti Md.Jahaya
|
| 245 |
1 |
0 |
|a Si kecil yang bersatu
|c Dila Zunarti Md.Jahaya
|
| 260 |
|
|
|a Selangor :
|b Penerbit Pinang Sdn Bhd ,
|c 2005
|
| 440 |
|
0 |
|a Siri moral kanak-kanak
|
| 500 |
|
|
|a Children age 4-6 years old (yellow)
|
| 650 |
|
0 |
|a Children's stories, Malay
|
| 650 |
|
0 |
|a Fables, fiction
|
| 710 |
0 |
|
|a Title
|
| 999 |
|
|
|a 0000986121
|b Book
|c Children Collection
|e Perbadanan Perpustakaan Awam Johor
|
| 999 |
|
|
|a 0000986122
|b Book
|c Children Collection
|e Perbadanan Perpustakaan Awam Johor
|
| 999 |
|
|
|a 0000986123
|b Book
|c Children Collection
|e Cawangan Mersing
|
| 999 |
|
|
|a 0000986124
|b Book
|c Children Collection
|e Cawangan Kota Tinggi
|